000 00500nam a22001697a 4500
005 20251108164012.0
008 250721s1962 xx 000 0 ara d
082 1 4 _a320.158/ع
100 1 _aالبزاز، عبد الرحمن
245 1 0 _aبحوث في القومية العربية /
264 1 _aالقاهرة :
_bجامعة الدول العربية،
_c1962.
300 _a448ص
650 1 7 _aالقومية
650 1 7 _aالقومية العربية
942 _2ddc
_cBK
999 _c1136
_d1136